[Event "Belem Leao Memorial"]
[Site "Belem"]
[Date "2016.06.05"]
[Round "5"]
[White "Cavalheiro, Alvancir Elves"]
[Black "De Macena, Francois Rodrigues"]
[Result "1/2-1/2"]
[WhiteElo "1851"]
[BlackElo "1783"]
[PlyCount "27"]
[EventDate "2016.06.03"]
[EventType "swiss"]
[EventRounds "6"]
[EventCountry "BRA"]
[SourceTitle "CBM 172 Extra"]
[Source "ChessBase"]
[SourceDate "2016.06.21"]
[SourceVersion "1"]
[SourceVersionDate "2016.06.21"]
[SourceQuality "1"]

1. d4 c6 2. Nf3 g6 3. Bf4 Bg7 4. e4 d6 5. Nbd2 Nf6 6. Bc4 0-0 7. 0-0 a5 8. a4 Na6 9. c3 Nc7 10. h3 Be6 11. Qe2 Rb8 12. Rad1 b5 13. axb5 cxb5 14. Bb3 1/2-1/2

[Event "Belem Leao Memorial"]
[Site "Belem"]
[Date "2016.06.04"]
[Round "4"]
[White "De Macena, Francois Rodrigues"]
[Black "Moyses Sobrinho, Elias"]
[Result "0-1"]
[WhiteElo "1783"]
[BlackElo "1914"]
[PlyCount "38"]
[EventDate "2016.06.03"]
[EventType "swiss"]
[EventRounds "6"]
[EventCountry "BRA"]
[SourceTitle "CBM 172 Extra"]
[Source "ChessBase"]
[SourceDate "2016.06.21"]
[SourceVersion "1"]
[SourceVersionDate "2016.06.21"]
[SourceQuality "1"]

1. e4 d5 2. exd5 Nf6 3. Nc3 Nxd5 4. d3 e5 5. Be2 Nxc3 6. bxc3 Bc5 7. Nf3 Nc6 8. 0-0 0-0 9. Ng5 f5 10. Kh1 h6 11. Nf3 Be6 12. Be3 Bb6 13. Qc1 Qf6 14. a4 f4 15. Bxb6 axb6 16. Ng1 Ra5 17. f3 Rfa8 18. Qb2 Rxa4 19. Rxa4 Rxa4 0-1

[Event "Belem Leao Memorial"]
[Site "Belem"]
[Date "2016.06.03"]
[Round "1"]
[White "Martins, Clauber Figueiredo"]
[Black "De Macena, Francois Rodrigues"]
[Result "0-1"]
[WhiteElo "2048"]
[BlackElo "1783"]
[PlyCount "85"]
[EventDate "2016.06.03"]
[EventType "swiss"]
[EventRounds "6"]
[EventCountry "BRA"]
[SourceTitle "CBM 172 Extra"]
[Source "ChessBase"]
[SourceDate "2016.06.21"]
[SourceVersion "1"]
[SourceVersionDate "2016.06.21"]
[SourceQuality "1"]

1. e4 d6 2. c3 g6 3. Nf3 Bg7 4. Be2 Nf6 5. 0-0 0-0 6. d3 Nc6 7. Be3 e5 8. h3 a6 9. Nbd2 Be6 10. d4 Bd7 11. Qc2 Qc8 12. Kh2 Rb8 13. a4 Nh5 14. b4 Nf4 15. Bxf4 exf4 16. b5 Ne7 17. Rab1 axb5 18. axb5 b6 19. Bd3 f6 20. Rfe1 g5 21. e5 g4 22. Bxh7+ Kh8 23. hxg4 Bxg4 24. Nh4 fxe5 25. f3 Bf5 26. Nxf5 Nxf5 27. Bxf5 Qxf5 28. Qxf5 Rxf5 29. dxe5 dxe5 30. Ne4 Kh7 31. Rbd1 Kg6 32. Rd7 Rh8+ 33. Kg1 Bf6 34. Nxf6 Kxf6 35. Rxc7 Rfh5 36. Rc6+ Kg5 37. Rxb6 Rh1+ 38. Kf2 R1h2 39. Rc6 Rg8 40. Rg1 Ra8 41. Ra6 Rc8 42. Ra3 e4 43. fxe4 0-1